000 00289nam a22001097a 4500
082 _a621.3823 CHI'T
100 _aCHIPMAN, R. A
_977373
245 _aTHEORY AND PROBLEMS OF TRANSMISSION LINES SCHAUMS OUTLINE SERIES
260 _aNEWYORK
_bMCGRAW HILL
_c1968
300 _a236P
942 _cBK
999 _c582653
_d582653